| 000 | 00453nam a2200157 a 4500 | ||
|---|---|---|---|
| 005 | 20140310183208.0 | ||
| 008 | 030207s19uu xx 00 eng d | ||
| 050 |
_aPR 3714 _b.St839 1987 |
||
| 100 | _aSterne, Laurence | ||
| 245 |
_aA sentimental journey through France and Italy / _cLaurence Sterne |
||
| 260 |
_aNew York : _bOxford University Press, _c1984. |
||
| 300 |
_a241 p. : _c18 cm. |
||
| 650 | _aFiction | ||
| 942 |
_cBK _2lcc |
||
| 999 |
_c20046 _d20046 |
||